00420nam a22001337a 4500020001800000082001400018100001900032245006300051260004900114300002500163500002000188650004000208700003800248 a9789350140376 a621.3 VER aVerma, Brijesh aQuestion bank in electronics and communication engineering aNew Delhi, IndiabS.K. Kataria & Sons.c2010 axxiv, 775 p.bill. ; aIncludes index. aElectrical electronics--engineering aBalasubramaniam, M. and Raja M.V.